| 000 -LEADER |
| fixed length control field |
03153cam a22003977i 4500 |
| 001 - CONTROL NUMBER |
| control field |
19381600 |
| 005 - DATE AND TIME OF LATEST TRANSACTION |
| control field |
20230320150928.0 |
| 008 - FIXED-LENGTH DATA ELEMENTS--GENERAL INFORMATION |
| fixed length control field |
161121t20162016si a b 001 0 eng d |
| 010 ## - LIBRARY OF CONGRESS CONTROL NUMBER |
| LC control number |
2016286145 |
| 020 ## - INTERNATIONAL STANDARD BOOK NUMBER |
| International Standard Book Number |
9789813108394 |
| Qualifying information |
(hardcover) |
| 020 ## - INTERNATIONAL STANDARD BOOK NUMBER |
| International Standard Book Number |
9813108398 |
| Qualifying information |
(hardcover) |
| 020 ## - INTERNATIONAL STANDARD BOOK NUMBER |
| International Standard Book Number |
9789813108400 |
| Qualifying information |
(paperback) |
| 020 ## - INTERNATIONAL STANDARD BOOK NUMBER |
| International Standard Book Number |
9813108401 |
| Qualifying information |
(paperback) |
| 035 ## - SYSTEM CONTROL NUMBER |
| System control number |
(OCoLC)ocn956623741 |
| 040 ## - CATALOGING SOURCE |
| Original cataloging agency |
YDX |
| Language of cataloging |
eng |
| Transcribing agency |
YDX |
| Description conventions |
rda |
| Modifying agency |
OCLCO |
| -- |
OCLCF |
| -- |
VKC |
| -- |
SINLB |
| -- |
YDX |
| -- |
MNG |
| -- |
NRC |
| -- |
MOU |
| -- |
DLC |
| 042 ## - AUTHENTICATION CODE |
| Authentication code |
lccopycat |
| 050 00 - LIBRARY OF CONGRESS CALL NUMBER |
| Classification number |
QB981 |
| Item number |
.G74 2016 |
| 082 04 - DEWEY DECIMAL CLASSIFICATION NUMBER |
| Classification number |
523.1 |
| Edition number |
23 |
| Author Mark |
GRE |
| 100 1# - MAIN ENTRY--PERSONAL NAME |
| Personal name |
Green, Dan, |
| Dates associated with a name |
1943- |
| Relator term |
author. |
| 9 (RLIN) |
110677 |
| 245 10 - TITLE STATEMENT |
| Title |
Cosmology with Matlab : |
| Remainder of title |
with companion media pack / |
| Statement of responsibility, etc. |
Dan Green, Fermi National Accelerator Laboratory, USA. |
| 264 #1 - PRODUCTION, PUBLICATION, DISTRIBUTION, MANUFACTURE, AND COPYRIGHT NOTICE |
| Place of production, publication, distribution, manufacture |
Singapore ; |
| -- |
Hackensack, NJ : |
| Name of producer, publisher, distributor, manufacturer |
World Scientific Publishing Co. Pte. Ltd., |
| Date of production, publication, distribution, manufacture, or copyright notice |
[2016] |
| 264 #4 - PRODUCTION, PUBLICATION, DISTRIBUTION, MANUFACTURE, AND COPYRIGHT NOTICE |
| Date of production, publication, distribution, manufacture, or copyright notice |
©2016 |
| 300 ## - PHYSICAL DESCRIPTION |
| Extent |
xi, 250 pages : |
| Other physical details |
illustrations (some color) ; |
| Dimensions |
24 cm |
| 336 ## - CONTENT TYPE |
| Content type term |
text |
| Content type code |
txt |
| Source |
rdacontent |
| 337 ## - MEDIA TYPE |
| Media type term |
unmediated |
| Media type code |
n |
| Source |
rdamedia |
| 338 ## - CARRIER TYPE |
| Carrier type term |
volume |
| Carrier type code |
nc |
| Source |
rdacarrier |
| 504 ## - BIBLIOGRAPHY, ETC. NOTE |
| Bibliography, etc. note |
Includes bibliographical references (pages 243-246) and index. |
| 505 0# - FORMATTED CONTENTS NOTE |
| Formatted contents note |
1. Introduction -- 2. From the Big Bang -- 3. Inflation and Big Bang issues -- 4. Fluctuations to Perturbations -- 5. The Cosmic Microwave background -- 6. Large Scale Structure -- 7. The Higgs Boson and Inflation -- Appendix A: Matlab tools -- Appendix B: Power law, RD or MD Formulae -- Appendix C: Symbol and Acronym Tables -- Appendix D: MATLAB Script (with Companion Media Pack). |
| 520 ## - SUMMARY, ETC. |
| Summary, etc. |
This volume makes explicit use of the synergy between cosmology and high energy physics, for example, supersymmetry and dark matter, or nucleosynthesis and the baryon-to-photon ratio. In particular the exciting possible connection between the recently discovered Higgs scalar and the scalar field responsible for inflation is explored. The recent great advances in the accuracy of the basic cosmological parameters is exploited in that no free scale parameters such as h appear, rather the basic calculations are done numerically using all sources of energy density simultaneously. Scripts are provided that allow the reader to calculate exact results for the basic parameters. Throughout MATLAB tools such as symbolic math, numerical solutions, plots and "movies" of the dynamical evolution of systems are used. The GUI package is also shown as an example of the real time manipulation of parameters which is available to the reader. All the MATLAB scripts are made available to the reader to explore examples of the uses of the suite of tools which are available. Indeed, readers should be able to engage in a command line "dialogue" or go on to edit the scripts and write their own versions. -- |
| Assigning source |
Back cover. |
| 650 #0 - SUBJECT ADDED ENTRY--TOPICAL TERM |
| Topical term or geographic name entry element |
Cosmology |
| General subdivision |
Data processing. |
| 9 (RLIN) |
39543 |
| 650 #4 - SUBJECT ADDED ENTRY--TOPICAL TERM |
| Topical term or geographic name entry element |
Cosmology |
| General subdivision |
Data processing. |
| 9 (RLIN) |
39543 |
| 650 #7 - SUBJECT ADDED ENTRY--TOPICAL TERM |
| Topical term or geographic name entry element |
Cosmology |
| General subdivision |
Data processing. |
| Source of heading or term |
fast |
| Authority record control number or standard number |
(OCoLC)fst00880602 |
| 9 (RLIN) |
39543 |
| 906 ## - LOCAL DATA ELEMENT F, LDF (RLIN) |
| a |
7 |
| b |
cbc |
| c |
copycat |
| d |
2 |
| e |
ncip |
| f |
20 |
| g |
y-gencatlg |
| 942 ## - ADDED ENTRY ELEMENTS (KOHA) |
| Source of classification or shelving scheme |
|
| Koha item type |
Book |